000 003450000a22001090004500
090 _aAS
_bSeriadas
245 1 0 _aNueva especie y un nuevo registro de Uredinales que parasitan a Conyza bonariensis en Colombia
041 0 _aEspañol
100 1 _aPardo Cardona, Víctor Manuel
_999084
942 _cARTICULO
773 1 _tCaldasia
_345
_h1
_q3-8
_d2000
_g22
999 _c14778
_d14778